000 00655nam a2200181 4500
001 138480
003 ES-MaACL
005 20230906195555.0
007 t|
008 070214s1985 sp r ||||1| spa d
100 1 _aSan Martín, Hernán.
_9102259
245 1 3 _aLa crisis mundial de la salud
_b: problemas actuales de planificación, organización y gestión de los servicios de salud /
_cHernán San Martín ; con la participación de José Sarabia Alvarezude.
250 _a2ª ed.
260 _aMadrid :
_bCiencia 3,
_c1985.
300 _a784 p. ;
_c21 cm.
700 1 _aSarabia Alvarezude, José.
_9103735
852 _aES-MaACL
_jG-1215
_bR.112897
999 _c138480
_d138480